Science Quiz

Random Science or Clickable Quiz

Criteria Solar System Quiz Stats

 Plays Quiz Updated Sep 30, 2015

Also try: What Planet...
Challenge
Share
Tweet
Embed
Score 0/11 Timer 06:00
44 Plays Today
% Correct
???
100%
???
83.3%
???
71.4%
???
66.2%
???
35.1%
???
20.6%
???
16.5%
???
15.5%
???
14.7%
???
14.3%
???
14.3%

You're not logged in!

Compare scores with friends on all Sporcle quizzes.
Join for Free
OR
Log In

You Might Also Like...

Show Comments

Extras

Top Quizzes Today


Score Distribution

Your Account Isn't Verified!

In order to create a playlist on Sporcle, you need to verify the email address you used during registration. Go to your Sporcle Settings to finish the process.

Report this User

Report this user for behavior that violates our Community Guidelines.

Details: